Statystyki dla Rozpoznaj państwa po kształtach quiz #2

Kliknij tutaj aby rozwiązać quiz!

Ogólne statystyki

  • Ten quiz został rozwiązany 10 624 razy
  • Średni wynik to 13 z 16

Statystyki odpowiedzi

Odpowiedź% Poprawnych
Rosja
95%
Chile
94%
Hiszpania
94%
Kanada
94%
Islandia
93%
Grecja
89%
Turcja
88%
Austria
86%
Filipiny
79%
Wietnam
79%
Republika Południowej Afryki
78%
Nowa Zelandia
77%
Kuba
70%
Libia
69%
Arabia Saudyjska
66%
Afganistan
48%

Rozkład punktacji

Percentyl według liczby udzielonych odpowiedzi

Procent ludzi z każdym wynikiem

Twoja historia wyników

Nie rozwiązałeś tego quizu